00455nam a2200181 a 450000100060000000300090000600800410001502000150005604000280007108200140009910000290011324500350014226000360017730000110021365000110022465000210023565000170025617205CO-ViMGA141112s2004 ck r 000 u spa d a9589686400 aCO-ViMGAbspacCO-ViMGA04a635 P491e1 aPizano de Marquez, Marta10aClavel (Dianthus caryophyllus) aBogotá, cHortitecnia, c2000 a181.p.14aCLAVEL14aCLAVEL - CULTIVO14aFLORICULTURA